000 00602nam a2200169Ia 4500
005 20250923145122.0
008 008 250917s9999 xx 000 0 eng d
037 _aTextual
040 _aDSWL
_beng
_cDSWL
041 _aeng
_2eng
084 _aT:3(Y3:7:7).433xN66, N67
_qDSWL
245 0 _aReport of the regional institute for training of community development instructors ,Bangkok , Thailand 1966
_cby United Nations
260 _aBangkok
_bUnited Nations Ecafe
_c1967
300 _av,47 p.
942 _cTEXL
_hT:3(Y3:7:7).433xN66, N67
999 _c1447379
_d1447379